Most common female names starting with G - Statistics

General Stats
  • This quiz has been taken 214 times
  • The average score is 27 of 100
Answer Stats
Hint Answer % Correct
1 Grace
82%
4 Gina
75%
47 Gabriel
72%
25 Greta
67%
12 Georgia
66%
6 Gabriella
63%
5 Gabrielle
63%
14 Gracie
63%
36 Gay
61%
2 Gloria
59%
26 Gia
57%
24 Gemma
52%
3 Gail
51%
92 Gene
51%
28 Gillian
51%
32 Georgina
48%
23 Gwen
48%
48 Ginny
47%
17 Gladys
47%
13 Glenda
47%
10 Gabriela
43%
7 Gianna
43%
27 Gertrude
42%
84 Gisel
42%
98 Gisell
40%
19 Gayle
39%
65 George
39%
11 Geraldine
38%
61 Glory
38%
15 Genevieve
37%
66 Georgie
37%
18 Giselle
36%
45 Goldie
35%
8 Gwendolyn
34%
29 Gale
33%
40 Giana
33%
20 Gretchen
32%
93 Glinda
30%
38 Gena
29%
21 Ginger
29%
68 Gerry
26%
31 Gracelyn
26%
75 Genna
25%
60 Grayson
25%
88 Gaia
24%
46 Geri
24%
42 Georgette
23%
55 Gerri
23%
62 Gigi
23%
70 Giulia
23%
99 Gala
22%
33 Giovanna
22%
9 Genesis
21%
22 Geneva
20%
89 Gabriele
19%
54 Georgiana
19%
63 Gisela
19%
97 Golda
19%
35 Gracelynn
18%
82 Gracey
18%
49 Gwyneth
18%
100 Genie
17%
53 Gisele
16%
37 Giuliana
16%
76 Gretta
16%
59 Gaye
14%
78 Gema
14%
81 Gary
13%
57 Giada
13%
52 Gilda
13%
96 Gladis
13%
77 Greer
13%
67 Guinevere
13%
74 Gizelle
11%
34 Glenna
11%
16 Guadalupe
11%
69 Germaine
10%
43 Griselda
9%
41 Gayla
8%
72 Gianni
8%
73 Gwenyth
8%
56 Georgianna
7%
83 Gissel
7%
94 Georgetta
6%
39 Gisselle
6%
30 Graciela
6%
50 Grecia
6%
51 Giavanna
4%
64 Gracyn
4%
95 Grayce
4%
79 Gregory
4%
44 Galilea
3%
80 Gentry
3%
71 Gitty
3%
85 Gracen
3%
91 Gaylene
1%
58 Geralyn
1%
87 Gaynell
0%
90 Gearldine
0%
86 Georgene
0%
No matching quizzes found
Score Distribution
Percent of People with Each Score
Percentile by Number Answered
Your Score History
You have not taken this quiz